| 000 | 00761nam a2200217 4500 | ||
|---|---|---|---|
| 001 | 09465 | ||
| 003 | HDC | ||
| 008 | 210202t2015 xx o 000 0 may | ||
| 040 | _aHDC | ||
| 245 | 0 | _aChapter 11 Acceptance and slaughter of animals | |
| 260 |
_a[No place] : _b[publisher not identified], _c2015 |
||
| 336 |
_atext _2rdacontent |
||
| 337 |
_acomputer _2rdamedia |
||
| 338 |
_aonline resource _2rdacarrier |
||
| 650 |
_aFood industry and trade _9140 |
||
| 650 |
_aSlaughtering and slaughter-houses (Islamic law) _9690 |
||
| 856 | _zRequest full-text at [email protected] | ||
| 942 | _2lcc | ||
| 942 | _cEBOOK | ||
| 942 | _kEBOK 000009 | ||
| 999 |
_c6788 _d6788 |
||